<A> Woman's Place Management
Na minha lista:
| Autor principal: | |
|---|---|
| Outros Autores: | |
| Formato: | Livro |
| Idioma: | inglês |
| Publicado em: |
Englewood Cliffs
Prentice-Hall
1988
|
| Edição: | 1. ed. |
| Tags: |
Sem tags, seja o primeiro a adicionar uma tag!
|
MARC
| LEADER | 00000nam a2200000 4500 | ||
|---|---|---|---|
| 001 | c035814 | ||
| 005 | 20221219120815.5 | ||
| 041 | 0 | |a eng | |
| 044 | |a US | ||
| 245 | 1 | 0 | |a <A> Woman's Place |b Management |c Connie Sitterly, Beth Whitley Duke |
| 250 | |a 1. ed. | ||
| 264 | 1 | |a Englewood Cliffs |b Prentice-Hall |c 1988 | |
| 300 | |a 365 s. | ||
| 100 | 1 | |a Sitterly, Connie | |
| 700 | 1 | |a Duke, Beth Whitley | |